| 000 | 00447cam a2200169ua 4500 | ||
|---|---|---|---|
| 020 | _c14.00 | ||
| 041 |
_aeng _h |
||
| 082 |
_a669 _bREE/PH |
||
| 100 | _aReed-Hill, Robert E . | ||
| 245 |
_aPhysical metallurgy principles / _cRobert E Reed-Hill. _hTextual Documents |
||
| 260 |
_aNew Delhi : _bAffiliated East West Press Pvt Ltd , _c1964. |
||
| 300 | _a630 ; . | ||
| 365 | _a14.00 | ||
| 504 | _a | ||
| 942 | _cBK | ||
| 999 |
_c10809 _d10809 |
||